La leyenda negra

Na minha lista:
Detalhes bibliográficos
Autor principal: Alvar Ezquerra, Alfredo (autor)
Formato: Livro
Idioma:espanhol
Publicado em: Madrid Akal 1997
Edição:1a. ed
coleção:Colección Historia del Mundo para Jóvenes, 69
Assuntos:
Tags: Adicionar Tag
Sem tags, seja o primeiro a adicionar uma tag!

MARC

LEADER 00000cam a2200000 a 4500
001 UCO1389
003 CL-VaPUC
008 000512e19970000SP |||||||||||||||||spa|d
020 |a 8446007975 
082 0 4 |a 940.2  |b ALV  |2 21 
100 |a Alvar Ezquerra, Alfredo  |e autor  |9 443462 
245 1 3 |a La leyenda negra 
250 |a 1a. ed 
300 |a 38 p 
942 |c BK 
945 |d 20000512 00:00:00  |a rbrito 
260 |a Madrid  |b Akal  |c 1997 
650 0 |a Renacimiento  |9 255107 
650 0 |a Historia  |9 255047 
651 0 |a Europa  |9 255156 
583 |a last modification  |c 20160810 04:28:59  |k Rodrigo Vera 
490 0 |a Colección Historia del Mundo para Jóvenes, 69 
999 |c 288013  |d 288011 
952 |0 0  |1 0  |4 0  |6 940_200000000000000_ALV_1997  |7 0  |8 A  |9 335180  |a BIBHIS  |b BIBHIS  |d 2019-11-20  |i 362188K  |o 940.2 ALV 1997  |p 362188K  |r 2025-01-20  |w 2019-11-20  |y BK  |k HIS 
952 |0 0  |1 0  |3 erb  |4 0  |6 940_200000000000000_ALV_1997  |7 0  |8 A  |9 335181  |a BIBHIS  |b BIBHIS  |i 5337836  |o 940.2 ALV 1997  |p 5337836  |r 2025-01-20  |w 2019-11-20  |y BK  |z Catalogado en:20160811  |k HIS